|
|
|
|
| LEADER |
00000cam a2200000 i 4500 |
| 001 |
1/85331 |
| 008 |
050914s1963 ger d |
| 035 |
|
|
|l 10080251
|
| 040 |
|
|
|a GR-MY-UA
|b gre
|e aacr
|
| 041 |
0 |
|
|a ger
|
| 082 |
0 |
|
|a 193
|2 (22)
|
| 100 |
1 |
|
|a Jaspers, Karl,
|d 1883-1969.
|
| 245 |
1 |
4 |
|a Die Hoffnungen unserer Zeit /
|c zehn Beitrage K. Jaspers...[et al.]
|
| 260 |
|
|
|a Munchen :
|b R. Piper,
|c [1963]
|
| 300 |
|
|
|a 174 σ.;
|c 21 εκ.
|
| 500 |
|
|
|a Με: Φιλοσοφικά και πολιτικά δοκίμια / Karl Jaspers. - Wahrheit und Wissenschaft / Karl Jaspers. - Wahrheit, Freiheit und Friede / Karl Jaspers. - Objekt und transzendenz bei Jaspers / Ludwig Armbruster S.J.
|
| 651 |
|
0 |
|a Germany
|x Politics and government
|y 1945-
|
| 852 |
|
|
|a INST
|b RHODES
|c KRI
|e 20050914
|h 193 JAS
|p 005400022215
|q 005400022215
|t BK
|y 0
|
| 901 |
|
|
|a BIBL4-2005-3
|
| 909 |
|
|
|a Ρ
|b 122313
|
| 970 |
|
|
|a ΚΟΖΑ
|b ΜΑΡΙΑ
|z 2005/09/14
|